| 000 | 00517nam a22001697a 4500 | ||
|---|---|---|---|
| 003 | OSt | ||
| 005 | 20170518095954.0 | ||
| 008 | 160205b xxu||||| |||| 00| 0 eng d | ||
| 040 |
_ammu _beng _cmmu |
||
| 050 | _aDS461 .E266 1979 | ||
| 245 |
_aEconomic and social history of east africa _cedited by Bethwell A. Ogot |
||
| 260 |
_aNairobi : _bKLB, _c1979 |
||
| 300 | _a221 p. | ||
| 500 | _aIncludes index | ||
| 650 | _aEconomic and social history of Africa in the precolonial and colonial era | ||
| 942 |
_2lcc _cLOAN LOAN |
||
| 999 |
_c16385 _d16385 |
||